[Event "Avoine op 25th"]
[Site "Avoine"]
[Date "2010.??.??"]
[Round "7"]
[White "Monpeurt, Fabien"]
[Black "Menager, Erwan"]
[Result "0-1"]
[WhiteElo "1866"]
[BlackElo "2087"]
[PlyCount "40"]
[EventDate "2010.07.??"]
[EventType "swiss"]
[EventRounds "9"]
[EventCountry "FRA"]
[WhiteTeamCountry "FRA"]
[BlackTeamCountry "FRA"]

1. e4 c5 2. Nf3 d6 3. d4 cxd4 4. Nxd4 Nf6 5. Nc3 g6 6. Be3 Bg7 7. f3 O-O 8. Qd2
Nc6 9. O-O-O Bd7 10. Kb1 Rc8 11. g4 Ne5 12. h4 b5 13. Ncxb5 Rb8 14. Nc3 Nxf3
15. Nxf3 Nxe4 16. Qd3 Nxc3+ 17. Kc1 Nxa2+ 18. Kd2 Qa5+ 19. Ke2 Rxb2 20. Bd2 Qc5
0-1

[Event "Avoine op 25th"]
[Site "Avoine"]
[Date "2010.??.??"]
[Round "7"]
[White "Suez Panama, Gilles"]
[Black "Voss, Janine"]
[Result "1-0"]
[WhiteElo "2081"]
[BlackElo "1796"]
[PlyCount "49"]
[EventDate "2010.07.??"]
[EventType "swiss"]
[EventRounds "9"]
[EventCountry "FRA"]
[WhiteTeamCountry "FRA"]
[BlackTeamCountry "FRA"]

1. Nf3 Nf6 2. b3 d5 3. Bb2 e6 4. e3 Be7 5. Be2 O-O 6. O-O c5 7. d4 Nc6 8. Nbd2
Ne4 9. c4 cxd4 10. Nxd4 Nxd2 11. Qxd2 dxc4 12. Bxc4 e5 13. Nf3 Bf6 14. Rad1 Bf5
15. Qe2 Qe7 16. h3 Rfd8 17. e4 Be6 18. Bd5 Bxd5 19. exd5 Nb4 20. Qe4 Na6 21.
Rfe1 Nc5 22. Qe3 e4 23. Bxf6 Qxf6 24. Nd2 Nd3 25. Nxe4 1-0

[Event "Avoine op 25th"]
[Site "Avoine"]
[Date "2010.07.17"]
[Round "7"]
[White "Ribeiro, Romain"]
[Black "Alary, Pierre"]
[Result "1-0"]
[WhiteElo "2159"]
[BlackElo "1892"]
[PlyCount "71"]
[EventDate "2010.07.??"]
[EventType "swiss"]
[EventRounds "9"]
[EventCountry "FRA"]
[WhiteTeamCountry "FRA"]
[BlackTeamCountry "FRA"]

1. e4 e6 2. d4 d5 3. Nc3 Nf6 4. Bg5 Bb4 5. e5 h6 6. Bd2 Bxc3 7. bxc3 Ne4 8. Bd3
Nxd2 9. Qxd2 c5 10. Nf3 Nc6 11. Rb1 c4 12. Be2 Qa5 13. O-O b5 14. h4 Bd7 15. h5
Rb8 16. Nh2 b4 17. cxb4 Rxb4 18. Rxb4 Qxb4 19. c3 Qe7 20. f4 Kd8 21. Ng4 Qh4
22. Ne3 g6 23. hxg6 fxg6 24. Ng4 Qe7 25. Nf6 Kc7 26. Qc2 Be8 27. Rb1 Bf7 28.
Qa4 Rc8 29. Bg4 Kd8 30. Nxd5 Qh4 31. Nf6 Rb8 32. Rxb8+ Nxb8 33. Qa5+ Ke7 34.
Qxa7+ Kf8 35. Qxb8+ Kg7 36. Qb1 1-0

[Event "Avoine op 25th"]
[Site "Avoine"]
[Date "2010.07.19"]
[Round "7.31"]
[White "Fruteau, Sabine"]
[Black "Gallet, Antoine"]
[Result "1/2-1/2"]
[WhiteElo "2142"]
[BlackElo "1870"]
[PlyCount "94"]
[EventDate "2010.07.??"]
[EventType "swiss"]
[EventRounds "9"]
[EventCountry "FRA"]
[WhiteTeamCountry "FRA"]
[BlackTeamCountry "FRA"]

1. e4 e5 2. Nf3 Nc6 3. Bc4 Bc5 4. c3 Nf6 5. d3 d6 6. O-O a6 7. Bb3 O-O 8. Be3
Be6 9. Bc2 Bxe3 10. fxe3 d5 11. exd5 Nxd5 12. Qe1 h6 13. d4 exd4 14. exd4 Nf6
15. Nbd2 Re8 16. Qg3 Qd6 17. Qxd6 cxd6 18. Rfe1 d5 19. h3 Rac8 20. Bd3 Nh5 21.
Nb3 Nf4 22. Bf1 Rcd8 23. Nc5 Bc8 24. Kf2 Ne6 25. Nd3 Nc7 26. g3 Rxe1 27. Rxe1
Re8 28. Bg2 Rxe1 29. Nfxe1 Ne7 30. Nc2 b6 31. Ne3 Bb7 32. c4 g5 33. Nb4 a5 34.
Nbxd5 Bxd5 35. cxd5 Nb5 36. Nc4 Nc8 37. Ke3 Nbd6 38. Kd3 Nxc4 39. Kxc4 Nd6+ 40.
Kd3 f5 41. Bf3 Kf7 42. g4 f4 43. a4 Ke7 44. Bd1 Kd7 45. Bc2 Ke7 46. Kc3 Kf6 47.
Bd3 Ke7 1/2-1/2

[Event "Avoine op 25th"]
[Site "Avoine"]
[Date "2010.??.??"]
[Round "7"]
[White "Pertuisot, Daniel"]
[Black "Le Goff, Ronan"]
[Result "1/2-1/2"]
[WhiteElo "1784"]
[BlackElo "1961"]
[PlyCount "87"]
[EventDate "2010.07.??"]
[EventType "swiss"]
[EventRounds "9"]
[EventCountry "FRA"]
[WhiteTeamCountry "FRA"]
[BlackTeamCountry "FRA"]

1. d4 d5 2. Nf3 Nf6 3. c3 g6 4. Bf4 Bg7 5. Nbd2 O-O 6. e3 Bf5 7. Be2 Nbd7 8.
O-O c5 9. Nh4 Be6 10. h3 h6 11. Bh2 g5 12. Nhf3 Ne4 13. Bb5 Ndf6 14. Ne5 a6 15.
Be2 Rc8 16. a4 Qb6 17. f3 Nd6 18. Ra2 Nf5 19. a5 Qd8 20. Kf2 cxd4 21. exd4 Nd7
22. Nxd7 Bxd7 23. Nb3 Nh4 24. Bd3 Rc6 25. Nc5 Qc8 26. Nxd7 Qxd7 27. Re1 f6 28.
Bg3 Kh8 29. Bxh4 gxh4 30. Qc2 e5 31. Bf5 Qc7 32. Qd2 Qf7 33. Raa1 Qh5 34. Bg4
Qg6 35. Bd7 Rd6 36. Ba4 f5 37. Kg1 Qg3 38. Rad1 Rg6 39. Kh1 exd4 40. cxd4 Bf6
41. f4 Rfg8 42. Re2 R6g7 43. Bc2 Qg6 44. Qd3 1/2-1/2

[Event "Avoine op 25th"]
[Site "Avoine"]
[Date "2010.??.??"]
[Round "7"]
[White "Barta, Ismael"]
[Black "Yche, Michel"]
[Result "1-0"]
[WhiteElo "1761"]
[BlackElo "1952"]
[PlyCount "89"]
[EventDate "2010.07.??"]
[EventType "swiss"]
[EventRounds "9"]
[EventCountry "FRA"]
[WhiteTeamCountry "FRA"]
[BlackTeamCountry "FRA"]

1. d4 Nf6 2. Nf3 c5 3. e3 e6 4. c4 Be7 5. Nc3 O-O 6. Bd3 d6 7. O-O Nc6 8. d5
Nb4 9. Bb1 b5 10. a3 Qa5 11. Bd2 Kh8 12. Be4 Qb6 13. axb4 cxb4 14. dxe6 bxc3
15. Bxa8 Bxe6 16. Bxc3 Rxa8 17. cxb5 Bc4 18. Bd4 Qxb5 19. Re1 a5 20. Qa4 Qd5
21. Bc3 Bb3 22. Qd4 Qb7 23. Rxa5 Rxa5 24. Bxa5 Bd5 25. Qb6 Qd7 26. Rc1 h5 27.
Qc7 Qg4 28. Qc8+ Kh7 29. Qxg4 Nxg4 30. h3 Ne5 31. Nxe5 dxe5 32. Bc7 f6 33. f3
Kg6 34. e4 Be6 35. Kf2 Kf7 36. Ke3 Ke8 37. Ba5 Bd7 38. b4 Bb5 39. Rd1 h4 40.
Rd5 Bc4 41. b5 Bxd5 42. exd5 f5 43. Bc7 Bc5+ 44. Kd3 Bd4 45. f4 1-0

[Event "Avoine op 25th"]
[Site "Avoine"]
[Date "2010.08.??"]
[Round "6"]
[White "Tirard, Hugo"]
[Black "Drenchev, Petar"]
[Result "1/2-1/2"]
[WhiteElo "2443"]
[BlackElo "2514"]
[PlyCount "40"]
[EventDate "2010.07.??"]
[EventType "swiss"]
[EventRounds "9"]
[EventCountry "FRA"]
[WhiteTeamCountry "FRA"]
[BlackTeamCountry "FRA"]

1. e4 e5 2. Nf3 Nc6 3. Bb5 a6 4. Ba4 Nf6 5. O-O Be7 6. d3 b5 7. Bb3 O-O 8. Nc3
Bb7 9. a4 b4 10. Nd5 Na5 11. Nxe7+ Qxe7 12. Ba2 d5 13. exd5 Bxd5 14. Bxd5 Nxd5
15. Re1 f6 16. Bd2 c5 17. Qe2 Qd7 18. Be3 Nxe3 19. Qxe3 Rac8 20. Qe4 Rfd8
1/2-1/2

[Event "Avoine op 25th"]
[Site "Avoine"]
[Date "2010.08.??"]
[Round "8"]
[White "Galdunts, Sergey"]
[Black "David, Vincent"]
[Result "0-1"]
[WhiteElo "2459"]
[BlackElo "2421"]
[PlyCount "54"]
[EventDate "2010.07.??"]
[EventType "swiss"]
[EventRounds "9"]
[EventCountry "FRA"]
[WhiteTeamCountry "FRA"]
[BlackTeamCountry "FRA"]

1. e4 e6 2. Nf3 d5 3. Nc3 dxe4 4. Nxe4 Nd7 5. d4 Ngf6 6. Bd3 c5 7. Nxf6+ Nxf6
8. Be3 Qc7 9. Qe2 a6 10. O-O-O Nd5 11. Be4 Nxe3 12. Qxe3 Bd6 13. Kb1 O-O 14.
Rhe1 Rb8 15. dxc5 Bxc5 16. Qc3 Bb6 17. Qd2 Rd8 18. Bd3 Bd7 19. Qg5 h6 20. Qh4
g6 21. Ne5 Be8 22. c3 Rd5 23. Ng4 Kg7 24. Qd8 Ba4 25. b3 h5 26. Ne3 Qf4 27. Qc7
e5 0-1

[Event "Avoine op 25th"]
[Site "Avoine"]
[Date "2010.07.18"]
[Round "8"]
[White "Debray, Christopher"]
[Black "Doncea, Vladimir"]
[Result "0-1"]
[WhiteElo "2362"]
[BlackElo "2474"]
[PlyCount "116"]
[EventDate "2010.07.??"]
[EventType "swiss"]
[EventRounds "9"]
[EventCountry "FRA"]
[WhiteTeamCountry "FRA"]
[BlackTeamCountry "FRA"]

1. e4 e6 2. d4 c5 3. Nf3 cxd4 4. Nxd4 Qb6 5. Nb3 Qc7 6. Bd3 Nf6 7. O-O d5 8.
Nc3 dxe4 9. Nxe4 Nxe4 10. Bxe4 Nd7 11. Qd4 Bd6 12. Qxg7 Bxh2+ 13. Kh1 Be5 14.
Bf4 Bxg7 15. Bxc7 Bxb2 16. Rab1 Bc3 17. Rfd1 O-O 18. Rd3 Bg7 19. Bd6 Rd8 20.
Ba3 Re8 21. Rbd1 Nf6 22. Bf3 e5 23. Rd8 Bg4 24. Rxa8 Rxa8 25. Bxb7 Bxd1 26.
Bxa8 Bxc2 27. Bc5 a6 28. Bb7 Bd3 29. Be3 Nd7 30. a4 Bf8 31. Bc8 Bc2 32. Na1
Bxa4 33. Bxa6 Bc5 34. Bxc5 Nxc5 35. Bc4 Kg7 36. Ba2 f5 37. Bb1 Kf6 38. Bc2 Bxc2
39. Nxc2 h5 40. g3 Ke6 41. Ne3 Ne4 42. Kg2 Nf6 43. f3 Nd5 44. Nc4 Ne7 45. Ne3
Ng6 46. Kh3 e4 47. fxe4 fxe4 48. Kg2 Ke5 49. Nc2 Kf5 50. Ne3+ Kg5 51. Nc4 Kf6
52. Kf1 Ke6 53. Ne3 Ke5 54. Nc2 Ne7 55. Kf2 Nf5 56. Kg2 Kf6 57. Kh3 Kg5 58. Ne1
Ne3 0-1

[Event "Avoine op 25th"]
[Site "Avoine"]
[Date "2010.07.21"]
[Round "8"]
[White "Perrin, Guillaume"]
[Black "Fomichenko, Eduard"]
[Result "1/2-1/2"]
[WhiteElo "2301"]
[BlackElo "2515"]
[PlyCount "121"]
[EventDate "2010.07.??"]
[EventType "swiss"]
[EventRounds "9"]
[EventCountry "FRA"]
[WhiteTeamCountry "FRA"]
[BlackTeamCountry "FRA"]

1. e4 c5 2. Nf3 e6 3. d4 cxd4 4. Nxd4 a6 5. Nc3 Qc7 6. Be2 Nf6 7. O-O Nc6 8.
Be3 Be7 9. f4 d6 10. a4 O-O 11. Kh1 Bd7 12. Nb3 b6 13. Bd3 Nb4 14. Nd4 Rfe8 15.
Qe2 Bf8 16. Bd2 e5 17. fxe5 dxe5 18. Nf5 Be6 19. Nh6+ Kh8 20. Bg5 Ng8 21. Nxg8
Kxg8 22. Nd5 Bxd5 23. exd5 Nxd3 24. Qxd3 e4 25. Qb3 Bd6 26. h3 Rac8 27. Rac1
Bc5 28. Bf4 Qd7 29. Rce1 b5 30. axb5 axb5 31. Be3 h6 32. Re2 Bxe3 33. Rxe3 Rc4
34. Rd1 Re5 35. d6 Re6 36. Rc3 Rxd6 37. Rxd6 Qxd6 38. Rxc4 bxc4 39. Qxc4 Qe5
40. Kg1 e3 41. Qe2 f5 42. b4 Qa1+ 43. Kh2 Qd4 44. b5 Kf8 45. Kg1 Ke7 46. Qd3
Qa1+ 47. Qf1 Qe5 48. Qe2 Kd6 49. Qc4 f4 50. Kf1 g5 51. b6 Qa1+ 52. Ke2 Qa5 53.
Qc7+ Ke6 54. Qc6+ Ke7 55. Qc7+ Ke6 56. Qc8+ Ke7 57. Qc7+ Ke6 58. Qc4+ Kd6 59.
Qc7+ Ke6 60. Qc4+ Kd6 61. Qc7+ 1/2-1/2

[Event "Avoine op 25th"]
[Site "Avoine"]
[Date "2010.07.20"]
[Round "7"]
[White "Dieu, Bruno"]
[Black "Terrieux, Kevin"]
[Result "1/2-1/2"]
[WhiteElo "2216"]
[BlackElo "2437"]
[PlyCount "47"]
[EventDate "2010.07.??"]
[EventType "swiss"]
[EventRounds "9"]
[EventCountry "FRA"]
[WhiteTeamCountry "FRA"]
[BlackTeamCountry "FRA"]

1. d4 Nf6 2. Nf3 g6 3. c4 Bg7 4. Nc3 d6 5. e4 O-O 6. Be2 Na6 7. Qc2 Nb4 8. Qb3
a5 9. O-O e5 10. dxe5 dxe5 11. Rd1 Nd7 12. Bg5 Bf6 13. Bxf6 Qxf6 14. Nd5 Nxd5
15. cxd5 Nc5 16. Qe3 b6 17. b3 Bb7 18. Rac1 c6 19. Bc4 Rad8 20. a3 Qf4 21. Qxf4
exf4 22. dxc6 Rxd1+ 23. Rxd1 Bxc6 24. Ra1 1/2-1/2

[Event "Avoine op 25th"]
[Site "Avoine"]
[Date "2010.07.20"]
[Round "8"]
[White "Payen, Arnaud"]
[Black "Chanoine, Guillaume"]
[Result "1-0"]
[WhiteElo "2372"]
[BlackElo "2159"]
[PlyCount "105"]
[EventDate "2010.07.??"]
[EventType "swiss"]
[EventRounds "9"]
[EventCountry "FRA"]
[WhiteTeamCountry "FRA"]
[BlackTeamCountry "FRA"]

1. Nf3 f5 2. g3 Nf6 3. Bg2 g6 4. c4 Bg7 5. O-O O-O 6. Nc3 d6 7. d3 a5 8. Rb1
Qe8 9. b3 c6 10. Bb2 Na6 11. a3 e5 12. Na4 Nd7 13. e4 Nac5 14. Nc3 Ne6 15. exf5
gxf5 16. Nh4 Nd4 17. Ne2 Nxe2+ 18. Qxe2 Nc5 19. b4 axb4 20. axb4 Na4 21. Ba1
Bf6 22. f4 e4 23. Bxf6 Rxf6 24. dxe4 fxe4 25. Qxe4 Qxe4 26. Bxe4 Nc3 27. Rbe1
d5 28. cxd5 cxd5 29. Bd3 Bh3 30. Rf2 Rb6 31. b5 Ra3 32. Rc2 Re6 33. Rec1 Ne4
34. Rc8+ Kf7 35. R8c7+ Re7 36. Bf1 Bg4 37. b6 Rb3 38. Bg2 Rxb6 39. Nf3 Bxf3 40.
Bxf3 Nf6 41. R7c2 Rb3 42. Rc3 Rxc3 43. Rxc3 Ke6 44. Re3+ Kd6 45. Rxe7 Kxe7 46.
Kf2 Kd6 47. Ke3 Kc5 48. g4 d4+ 49. Kd3 Nd5 50. Bxd5 Kxd5 51. h4 h6 52. g5 Ke6
53. g6 1-0

[Event "Avoine op 25th"]
[Site "Avoine"]
[Date "2010.07.20"]
[Round "8"]
[White "Frick, Christoph"]
[Black "Grigore, George Gabriel"]
[Result "0-1"]
[WhiteElo "2224"]
[BlackElo "2532"]
[PlyCount "108"]
[EventDate "2010.07.??"]
[EventType "swiss"]
[EventRounds "9"]
[EventCountry "FRA"]
[WhiteTeamCountry "FRA"]
[BlackTeamCountry "FRA"]

1. Nc3 c5 2. e4 Nc6 3. g3 g6 4. Bg2 Bg7 5. d3 d6 6. Nh3 e6 7. O-O Nge7 8. Be3
b6 9. Qd2 h6 10. Rae1 Rb8 11. f4 f5 12. Bf2 O-O 13. Kh1 Qd7 14. Qd1 Bb7 15. g4
Nd4 16. gxf5 exf5 17. Nd5 Rbe8 18. Bh4 Nxd5 19. exd5 Qa4 20. Be7 Rf7 21. Bxd6
Rxe1 22. Rxe1 Qd7 23. Be5 Bxd5 24. c3 Bxg2+ 25. Kxg2 Qd5+ 26. Kg3 Nc6 27. Bxg7
Kxg7 28. Qf3 Qd6 29. Kg2 Rd7 30. Nf2 Nd8 31. Qe3 Qd5+ 32. Kg1 Nf7 33. Qe6 Qxe6
34. Rxe6 Nd8 35. Re3 Kf6 36. h4 Ne6 37. Rf3 b5 38. Nd1 g5 39. fxg5+ hxg5 40.
Ne3 Nf4 41. c4 b4 42. Kf1 Rxd3 43. Nd5+ Kf7 44. Rxd3 Nxd3 45. hxg5 Nxb2 46. Nf4
Nxc4 47. g6+ Kf6 48. g7 Kxg7 49. Ne6+ Kf6 50. Nxc5 a5 51. Ke2 Ke5 52. Kf3 Kd4
53. Na4 Nd2+ 54. Kf4 Ne4 0-1

[Event "Avoine op 25th"]
[Site "Avoine"]
[Date "2010.07.21"]
[Round "8"]
[White "Inkiov, Ventzislav"]
[Black "Crouan, Stephane"]
[Result "1-0"]
[WhiteElo "2474"]
[BlackElo "2216"]
[PlyCount "67"]
[EventDate "2010.07.??"]
[EventType "swiss"]
[EventRounds "9"]
[EventCountry "FRA"]
[WhiteTeamCountry "FRA"]
[BlackTeamCountry "FRA"]

1. d4 Nf6 2. c4 g6 3. Nc3 Bg7 4. Nf3 O-O 5. Bg5 d6 6. e3 c6 7. Be2 a6 8. O-O b5
9. Qc2 Nfd7 10. Rad1 Qe8 11. Nd2 h6 12. Bh4 f5 13. d5 bxc4 14. Nxc4 Ra7 15.
dxc6 Nxc6 16. Nd5 Nf6 17. Bf3 Ne5 18. Nxe5 dxe5 19. Qc5 Rd7 20. Bxf6 exf6 21.
Nb6 Rxd1 22. Rxd1 Be6 23. a4 Kh7 24. h4 Rf7 25. h5 g5 26. a5 Bf8 27. Qc2 Kg7
28. Bd5 e4 29. Qc4 Bxd5 30. Rxd5 f4 31. Rf5 fxe3 32. fxe3 Qb8 33. Qxe4 Qd6 34.
Rd5 1-0

[Event "Avoine op 25th"]
[Site "Avoine"]
[Date "2010.07.20"]
[Round "8"]
[White "Le Borgne, Pierre"]
[Black "Sanduleac, Vasile"]
[Result "0-1"]
[WhiteElo "2063"]
[BlackElo "2451"]
[PlyCount "160"]
[EventDate "2010.07.??"]
[EventType "swiss"]
[EventRounds "9"]
[EventCountry "FRA"]
[WhiteTeamCountry "FRA"]
[BlackTeamCountry "FRA"]

1. e4 g6 2. d4 Bg7 3. Nc3 c6 4. Bc4 d6 5. Qf3 e6 6. Nge2 Nd7 7. Bf4 Ngf6 8.
O-O-O Qe7 9. d5 cxd5 10. Nb5 Ne5 11. Bxe5 dxe5 12. exd5 exd5 13. Bxd5 Nxd5 14.
Qxd5 O-O 15. Nec3 Be6 16. Qd6 Qg5+ 17. Kb1 Rad8 18. h4 Qf6 19. Qc5 b6 20. Qe3
Qe7 21. Ne4 h6 22. g3 f5 23. Nd2 Rd7 24. Nb3 Rfd8 25. Nc3 e4 26. Rxd7 Rxd7 27.
f3 exf3 28. Qxf3 Qf6 29. Re1 Kh7 30. Qc6 Re7 31. Qd6 Re8 32. Qc7 Qf7 33. Qc6
Bd7 34. Qh1 Rxe1+ 35. Qxe1 Qf6 36. Nc1 Be6 37. Nd3 Bc4 38. Nf4 Qd4 39. Nd1 Bf7
40. c3 Qa4 41. b3 Qd7 42. Kc2 Bf6 43. Ne3 Qe7 44. Qf2 Qa3 45. Kd3 Qc5 46. Qd2
g5 47. hxg5 hxg5 48. Qh2+ Kg7 49. Ne2 Bg6 50. Kd2 Qd6+ 51. Ke1 Qd3 52. Nd1 Qe4
53. Qf2 Bh5 54. Qe3 Qc2 55. Qd2 Qxd2+ 56. Kxd2 Be5 57. Ne3 Kf6 58. Nd4 Bxg3 59.
Nexf5 Bf4+ 60. Ke1 Bg4 61. Nh6 Bd7 62. a4 g4 63. Nxg4+ Bxg4 64. Nc6 a5 65. Nd4
Be5 66. Kd2 Be6 67. Kc2 Bd6 68. Kd3 Bc5 69. Nxe6 Kxe6 70. Kc4 Bf2 71. Kb5 Be1
72. c4 Bf2 73. b4 Be1 74. bxa5 bxa5 75. Kb6 Kd7 76. Kb7 Bb4 77. Kb6 Kd6 78. c5+
Kd7 79. c6+ Kc8 80. c7 Be1 0-1

[Event "Avoine op 25th"]
[Site "Avoine"]
[Date "2010.08.??"]
[Round "8"]
[White "Shirazi, Kamran G"]
[Black "Cau, Benjamin"]
[Result "1-0"]
[WhiteElo "2428"]
[BlackElo "2172"]
[PlyCount "59"]
[EventDate "2010.07.??"]
[EventType "swiss"]
[EventRounds "9"]
[EventCountry "FRA"]
[WhiteTeamCountry "FRA"]
[BlackTeamCountry "FRA"]

1. e4 c6 2. d4 d5 3. f3 e6 4. Nc3 Nf6 5. Be3 Bb4 6. e5 Nfd7 7. f4 Be7 8. Nf3 b6
9. g3 c5 10. f5 cxd4 11. fxe6 fxe6 12. Nxd4 Nxe5 13. Qh5+ Nf7 14. Bb5+ Kf8 15.
O-O Bf6 16. Nc6 Qd6 17. Bd4 Nd7 18. Rad1 e5 19. Be3 d4 20. Ne4 Qe6 21. Nxf6
Nxf6 22. Rxf6 gxf6 23. Bh6+ Nxh6 24. Qxh6+ Kg8 25. Nd8 Qd5 26. Qxf6 Bh3 27.
Qg5+ Kf8 28. Qh6+ Ke7 29. Nc6+ Kf7 30. Bc4 1-0

[Event "Avoine op 25th"]
[Site "Avoine"]
[Date "2010.08.??"]
[Round "8"]
[White "Herdier, Goulwenn"]
[Black "Plachetka, Jan"]
[Result "0-1"]
[WhiteElo "2112"]
[BlackElo "2351"]
[PlyCount "71"]
[EventDate "2010.07.??"]
[EventType "swiss"]
[EventRounds "9"]
[EventCountry "FRA"]
[WhiteTeamCountry "FRA"]
[BlackTeamCountry "FRA"]

1. e4 c5 2. Nf3 d6 3. d4 cxd4 4. Nxd4 Nf6 5. Nc3 Nc6 6. f3 e5 7. Nb3 Be6 8. Be3
Be7 9. Nd5 Bxd5 10. exd5 Nb8 11. c4 Nfd7 12. Qd2 h6 13. Be2 Bg5 14. O-O Bxe3+
15. Qxe3 Qb6 16. Qxb6 axb6 17. Nd2 Na6 18. a3 Nac5 19. b4 Na4 20. Ne4 Ke7 21.
Rfc1 Rhc8 22. Nc3 Nxc3 23. Rxc3 b5 24. Rac1 bxc4 25. Bxc4 Nb6 26. Ba2 Rxa3 27.
Rxc8 Nxc8 28. Rxc8 Rxa2 29. Rc7+ Kf6 30. Rd7 Ra6 31. Rxb7 h5 32. g3 h4 33. gxh4
Rb6 34. b5 e4 35. Re7 e3 36. Rb7 0-1

[Event "Avoine op 25th"]
[Site "Avoine"]
[Date "2010.07.21"]
[Round "8"]
[White "Rabineau, Clement"]
[Black "Hutois, Mickael"]
[Result "1-0"]
[WhiteElo "1960"]
[BlackElo "2133"]
[PlyCount "103"]
[EventDate "2010.07.??"]
[EventType "swiss"]
[EventRounds "9"]
[EventCountry "FRA"]
[WhiteTeamCountry "FRA"]
[BlackTeamCountry "FRA"]

1. e4 e5 2. Nf3 Nc6 3. Bb5 a6 4. Bxc6 dxc6 5. O-O Bd6 6. d4 exd4 7. Qxd4 f6 8.
Be3 Ne7 9. Nbd2 b5 10. h3 O-O 11. Qc3 Qe8 12. Bc5 Ng6 13. Nd4 Nf4 14. Bxd6 cxd6
15. Qg3 g5 16. Rfe1 c5 17. Ne2 Nxe2+ 18. Rxe2 Qe5 19. Qxe5 dxe5 20. Nf1 Rd8 21.
Ne3 Be6 22. f3 Rd4 23. Ree1 Rad8 24. a3 Kf7 25. Red1 a5 26. Kf2 Rxd1 27. Rxd1
Rxd1 28. Nxd1 b4 29. Ne3 c4 30. axb4 axb4 31. Kg3 Ke7 32. h4 h5 33. c3 bxc3 34.
bxc3 Kd6 35. Nd1 Kc5 36. Ne3 Kd6 37. Nc2 Kc5 38. Na1 g4 39. Nc2 gxf3 40. Kxf3
Bg4+ 41. Kf2 Bd7 42. Ne3 Bc6 43. Kf3 Kb5 44. g4 hxg4+ 45. Nxg4 Ka4 46. Nxf6 Kb3
47. h5 Kxc3 48. h6 Kd2 49. h7 c3 50. h8=Q c2 51. Qh2+ Kc3 52. Qxe5+ 1-0

[Event "Avoine op 25th"]
[Site "Avoine"]
[Date "2010.07.17"]
[Round "8"]
[White "Ollier, Pablo"]
[Black "Suez Panama, Gilles"]
[Result "1/2-1/2"]
[WhiteElo "2293"]
[BlackElo "2007"]
[PlyCount "47"]
[EventDate "2010.07.??"]
[EventType "swiss"]
[EventRounds "9"]
[EventCountry "FRA"]
[WhiteTeamCountry "FRA"]
[BlackTeamCountry "FRA"]

1. d4 Nf6 2. c4 e6 3. Nc3 c5 4. d5 exd5 5. cxd5 d6 6. e4 g6 7. Bd3 Bg7 8. h3
O-O 9. Nf3 b5 10. Bxb5 Nxe4 11. Nxe4 Qa5+ 12. Nfd2 Qxb5 13. Nxd6 Qa6 14. N2c4
Nd7 15. O-O Nb6 16. Nxb6 axb6 17. a4 Bd7 18. Ra3 Be5 19. Ne4 Qc4 20. Re1 Bd4
21. Qf3 Rfe8 22. Be3 f5 23. Nd6 Qb4 24. Rb1 1/2-1/2

[Event "Avoine op 25th"]
[Site "Avoine"]
[Date "2010.07.??"]
[Round "7"]
[White "Devallee, Jeremie"]
[Black "Lukasiewicz, Grzegorz"]
[Result "0-1"]
[WhiteElo "1990"]
[BlackElo "2264"]
[PlyCount "46"]
[EventDate "2010.07.??"]
[EventType "swiss"]
[EventRounds "9"]
[EventCountry "FRA"]
[WhiteTeamCountry "FRA"]
[BlackTeamCountry "FRA"]

1. Nc3 d5 2. e4 dxe4 3. Nxe4 Nd7 4. Nf3 Ngf6 5. Neg5 h6 6. Ne6 fxe6 7. Bd3 Kf7
8. Bc4 b5 9. Bb3 Bb7 10. d3 Bxf3 11. gxf3 Nc5 12. Qe2 Nxb3 13. axb3 a5 14. h4
g6 15. c4 c6 16. Bf4 Bg7 17. Be5 Nh5 18. f4 Bxe5 19. fxe5 Qd4 20. Rg1 Nf4 21.
Qf3 Qxe5+ 22. Kf1 Qf5 23. Rg3 Nh5 0-1

[Event "Avoine op 25th"]
[Site "Avoine"]
[Date "2010.07.20"]
[Round "8"]
[White "Menager, Erwan"]
[Black "Bonn, Thomas"]
[Result "0-1"]
[WhiteElo "2087"]
[BlackElo "2250"]
[PlyCount "117"]
[EventDate "2010.07.??"]
[EventType "swiss"]
[EventRounds "9"]
[EventCountry "FRA"]
[WhiteTeamCountry "FRA"]
[BlackTeamCountry "FRA"]

1. e4 c5 2. Nf3 g6 3. c4 Bg7 4. d4 cxd4 5. Nxd4 Nc6 6. Be3 Nf6 7. Nc3 Ng4 8.
Qxg4 Nxd4 9. Qd1 Ne6 10. Rc1 Qa5 11. Bd3 d6 12. O-O Bd7 13. f4 Bc6 14. f5 Nc5
15. Bb1 O-O 16. Bd4 Be5 17. Bxe5 dxe5 18. Nd5 Bxd5 19. exd5 Qb6 20. Rf2 Nd7 21.
Qg4 Qe3 22. Rc3 Nf6 23. Qd1 Qc5 24. a3 a5 25. Kf1 Ra6 26. b3 Qxa3 27. Rg3 e4
28. h4 Qa1 29. Kg1 Qe5 30. Kh2 Kh8 31. Kh3 Nh5 32. Rg5 Nf4+ 33. Rxf4 Qxf4 34.
g3 Qe5 35. fxg6 Qg7 36. gxh7 Rg6 37. Bxe4 Rxg5 38. hxg5 Qxg5 39. Qa1+ f6 40.
Qd4 Rf7 41. g4 Qf4 42. Qd3 Rg7 43. Bf5 b6 44. Qe2 Qd6 45. Qe4 Rf7 46. Kg2 Rf8
47. Kf3 Ra8 48. Be6 Qh2 49. Bf5 Qh1+ 50. Ke3 Qe1+ 51. Kf4 Qf2+ 52. Qf3 Qh2+ 53.
Qg3 Qxg3+ 54. Kxg3 a4 55. bxa4 Rxa4 56. g5 fxg5 57. Kg4 Rxc4+ 58. Kxg5 Rc5 59.
Be4 0-1

[Event "Avoine op 25th"]
[Site "Avoine"]
[Date "2010.07.??"]
[Round "8"]
[White "Aumont, Alexandre"]
[Black "Godart, Francois"]
[Result "0-1"]
[WhiteElo "1898"]
[BlackElo "2240"]
[PlyCount "106"]
[EventDate "2010.07.??"]
[EventType "swiss"]
[EventRounds "9"]
[EventCountry "FRA"]
[WhiteTeamCountry "FRA"]
[BlackTeamCountry "FRA"]

1. d4 Nf6 2. Nf3 e6 3. e3 b6 4. Nbd2 Bb7 5. Bd3 c5 6. O-O cxd4 7. exd4 d6 8. c3
Be7 9. Re1 O-O 10. Ne4 Nbd7 11. Bf4 Qc7 12. Qe2 Rfd8 13. Nfg5 Nxe4 14. Bxe4 Nf6
15. Bxb7 Qxb7 16. Ne4 b5 17. a3 a5 18. Qf3 Nxe4 19. Qxe4 Qxe4 20. Rxe4 d5 21.
Ree1 b4 22. axb4 axb4 23. Kf1 Rdc8 24. Ke2 g5 25. Bd2 bxc3 26. bxc3 Kg7 27.
Rxa8 Rxa8 28. Kd3 Kf6 29. h3 h5 30. Re2 Bd6 31. Re1 Kf5 32. f3 h4 33. Re2 Bf4
34. Be3 Ra3 35. Rc2 f6 36. Ke2 e5 37. dxe5 fxe5 38. Bxf4 Kxf4 39. Rc1 Ra5 40.
Kf2 Rc5 41. Rd1 e4 42. fxe4 dxe4 43. Rc1 Rc4 44. Rc2 e3+ 45. Ke2 Ke4 46. Rc1
Ra4 47. Rc2 Ra1 48. c4 Rg1 49. c5 Rxg2+ 50. Kd1 Rxc2 51. Kxc2 e2 52. Kd2 Kf3
53. Ke1 g4 0-1

[Event "Avoine op 25th"]
[Site "Avoine"]
[Date "????.??.??"]
[Round "8"]
[White "Stephan, Victor"]
[Black "Chochoy, Patrick"]
[Result "1-0"]
[WhiteElo "1559"]
[BlackElo "1692"]
[PlyCount "39"]
[EventDate "2010.07.??"]
[EventType "swiss"]
[EventRounds "9"]
[EventCountry "FRA"]
[WhiteTeamCountry "FRA"]
[BlackTeamCountry "FRA"]

1. d4 Nf6 2. c4 g6 3. Nc3 Bg7 4. e4 O-O 5. Be2 d6 6. Nf3 e5 7. O-O Nc6 8. d5
Ne7 9. Ne1 Nd7 10. Nd3 f5 11. Bd2 Nf6 12. f3 f4 13. Rc1 g5 14. c5 Ne8 15. Nb5
Rf7 16. Ba5 dxc5 17. Nxc5 Rf6 18. Qb3 Kh8 19. Nd3 b6 20. Bc3 1-0

[Event "Avoine op 25th"]
[Site "Avoine"]
[Date "????.??.??"]
[Round "8"]
[White "De Lussac, Estephe"]
[Black "Duhayon, Yves"]
[Result "1-0"]
[WhiteElo "1618"]
[BlackElo "2211"]
[PlyCount "98"]
[EventDate "2010.07.??"]
[EventType "swiss"]
[EventRounds "9"]
[EventCountry "FRA"]
[WhiteTeamCountry "FRA"]
[BlackTeamCountry "FRA"]

1. e4 e5 2. f4 exf4 3. Bc4 Nf6 4. Nc3 Bb4 5. d3 d5 6. exd5 Nxd5 7. Bxd5 Qxd5 8.
Qf3 Be6 9. Bd2 Bxc3 10. Bxc3 O-O 11. Qxd5 Bxd5 12. Kf2 f6 13. Ne2 Nc6 14. Nxf4
Bf7 15. Rhe1 Rfe8 16. a3 a5 17. Rxe8+ Rxe8 18. Re1 Kf8 19. Rxe8+ Kxe8 20. Ke3
b6 21. Ke4 Ne7 22. g4 Kd7 23. h3 c5 24. b3 g5 25. Ne2 Bd5+ 26. Ke3 f5 27. Bf6
Bg2 28. Ng1 Nd5+ 29. Kf2 Nxf6 30. Kxg2 fxg4 31. hxg4 Nxg4 32. Kf3 Nf6 33. Ne2
h5 34. Nc3 Ke6 35. Na4 Nd7 36. Nc3 Kf5 37. Kg3 Ne5 38. Na4 h4+ 39. Kh3 Nd7 40.
Nc3 Kg6 41. Ne4 Kh5 42. Nf2 Nf6 43. c3 g4+ 44. Kg2 Nd5 45. Ne4 Nf4+ 46. Kg1 g3
47. d4 Kg4 48. dxc5 bxc5 49. Nxc5 Kf3 1-0